[Event "Amateur Tournament (ATO)"]
[Site "https://www.chess.com"]
[Date "2025.07.22"]
[Round "7"]
[White "Cloete, Willem Francois"]
[Black "Mogasale, Chetan"]
[Result "0-1"]
[Board "21"]
[WhiteFideId "14358387"]
[BlackFideId "1356615"]
[WhiteElo "1567"]
[BlackElo "1811"]
[WhiteTeam "RSA"]
[BlackTeam "SUI"]
[WhiteClock "0:25:45"]
[BlackClock "0:52:04"]
[Variant "Standard"]

1. e4 {[%clk 1:30:53]}  e6 {[%clk 1:30:55]} 2. d4 {[%clk 1:31:14]}  d5 {[%clk 1:31:19]} 3. e5 {[%clk 1:31:39]}  c5 {[%clk 1:31:42]} 4. c3 {[%clk 1:31:59]}  Nc6 {[%clk 1:32:06]} 5. Nf3 {[%clk 1:32:21]}  Qb6 {[%clk 1:32:31]} 6. Bd3 {[%clk 1:32:39]}  Bd7 {[%clk 1:32:54]} 7. dxc5 {[%clk 1:32:38]}  Bxc5 {[%clk 1:33:15]} 8. O-O {[%clk 1:32:49]}  a5 {[%clk 1:33:40]} 9. Nbd2 {[%clk 1:31:42]}  f6 {[%clk 1:34:00]} 10. Qe2 {[%clk 1:30:12]}  fxe5 {[%clk 1:34:23]} 11. Nxe5 {[%clk 1:30:08]}  Nxe5 {[%clk 1:34:46]} 12. Qxe5 {[%clk 1:29:57]}  Nf6 {[%clk 1:35:11]} 13. Nb3 {[%clk 1:28:11]}  Bd6 {[%clk 1:35:21]} 14. Qg5 {[%clk 1:26:33]}  O-O {[%clk 1:34:33]} 15. Be3 {[%clk 1:23:01]}  Qc7 {[%clk 1:34:21]} 16. h3 {[%clk 1:17:43]}  e5 {[%clk 1:30:33]} 17. Rad1 {[%clk 1:14:25]}  e4 {[%clk 1:22:03]} 18. Bb1 {[%clk 1:13:16]}  h6 {[%clk 1:21:03]} 19. Qh4 {[%clk 1:12:16]}  Kf7 {[%clk 1:15:10]} 20. f4 {[%clk 1:03:44]}  a4 {[%clk 1:12:43]} 21. Nd4 {[%clk 1:01:39]}  a3 {[%clk 1:12:51]} 22. Qf2 {[%clk 0:57:56]}  axb2 {[%clk 1:09:56]} 23. Qxb2 {[%clk 0:57:19]}  Ba3 {[%clk 1:09:33]} 24. Qd2 {[%clk 0:53:51]}  Rfc8 {[%clk 1:08:48]} 25. Ne2 {[%clk 0:52:19]}  Bb5 {[%clk 1:07:25]} 26. Bd4 {[%clk 0:49:21]}  Bc4 {[%clk 1:05:40]} 27. Rf2 {[%clk 0:41:49]}  Ra5 {[%clk 1:02:03]} 28. g4 {[%clk 0:38:32]}  Re8 {[%clk 1:00:40]} 29. g5 {[%clk 0:34:32]}  Nd7 {[%clk 0:52:25]} 30. Qe3 {[%clk 0:28:52]}  Rb5 {[%clk 0:48:52]} 31. Ng3 {[%clk 0:25:12]}  Rb2 {[%clk 0:45:06]} 32. Rxb2 {[%clk 0:21:21]}  Bxb2 {[%clk 0:44:28]} 33. Nf5 {[%clk 0:16:57]}  hxg5 {[%clk 0:38:23]} 34. fxg5 {[%clk 0:15:07]}  Ne5 {[%clk 0:36:43]} 35. Bxe4 {[%clk 0:10:38]}  dxe4 {[%clk 0:32:27]} 36. Bxe5 {[%clk 0:08:10]}  Rxe5 {[%clk 0:32:08]} 37. Nd6+ {[%clk 0:06:09]}  Ke7 {[%clk 0:29:01]} 38. Qf4 {[%clk 0:04:17]}  Rd5 {[%clk 0:25:58]} 39. Rxd5 {[%clk 0:01:35]}  Bxd5 {[%clk 0:26:20]} 40. Nf5+ {[%clk 0:00:48]}  Kd7 {[%clk 0:26:09]} 41. Qd2 {[%clk 0:30:14]}  Qc5+ {[%clk 0:51:29]} 42. Ne3 {[%clk 0:29:24]}  Ke6 {[%clk 0:51:11]} 43. Qd4 {[%clk 0:24:37]}  Qxd4 {[%clk 0:50:47]} 44. cxd4 {[%clk 0:24:57]}  Bxd4 {[%clk 0:51:06]} 45. Kf2 {[%clk 0:25:09]}  Bxa2 {[%clk 0:51:26]} 46. Ke2 {[%clk 0:25:25]}  Bxe3 {[%clk 0:51:45]} 47. Kxe3 {[%clk 0:25:45]}  Ke5 {[%clk 0:52:04]} 0-1

[Event "Amateur Tournament (ATO)"]
[Site "https://www.chess.com"]
[Date "2025.07.22"]
[Round "7"]
[White "Hasini Kamabathula"]
[Black "Perego, Jonas Gion"]
[Result "1/2-1/2"]
[Board "22"]
[WhiteFideId "25712837"]
[BlackFideId "1354680"]
[WhiteElo "1624"]
[BlackElo "1792"]
[WhiteTeam "IND"]
[BlackTeam "SUI"]
[WhiteClock "0:02:49"]
[BlackClock "0:21:25"]
[Variant "Standard"]

1. e4 {[%clk 1:30:56]}  e5 {[%clk 1:30:55]} 2. Nf3 {[%clk 1:31:21]}  Nc6 {[%clk 1:31:19]} 3. Bc4 {[%clk 1:31:44]}  Bc5 {[%clk 1:31:43]} 4. c3 {[%clk 1:32:07]}  Nf6 {[%clk 1:32:06]} 5. d4 {[%clk 1:32:29]}  exd4 {[%clk 1:32:25]} 6. e5 {[%clk 1:32:53]}  d5 {[%clk 1:32:40]} 7. Bb5 {[%clk 1:33:16]}  Ne4 {[%clk 1:32:22]} 8. cxd4 {[%clk 1:33:36]}  Bb4+ {[%clk 1:31:20]} 9. Nbd2 {[%clk 1:32:44]}  O-O {[%clk 1:29:11]} 10. Bxc6 {[%clk 1:32:36]}  bxc6 {[%clk 1:29:28]} 11. O-O {[%clk 1:32:13]}  Bf5 {[%clk 1:26:52]} 12. Nb3 {[%clk 1:26:54]}  a5 {[%clk 1:19:18]} 13. Bd2 {[%clk 1:24:45]}  Nxd2 {[%clk 1:15:55]} 14. Nbxd2 {[%clk 1:24:01]}  a4 {[%clk 1:11:48]} 15. a3 {[%clk 1:21:10]}  Be7 {[%clk 1:09:54]} 16. b4 {[%clk 1:12:39]}  axb3 {[%clk 1:09:08]} 17. Qxb3 {[%clk 1:13:02]}  Qb8 {[%clk 1:07:14]} 18. Qc3 {[%clk 1:03:58]}  Qb5 {[%clk 1:06:28]} 19. Rfc1 {[%clk 1:02:29]}  Ra6 {[%clk 1:04:01]} 20. a4 {[%clk 0:58:31]}  Rxa4 {[%clk 0:47:06]} 21. Rxa4 {[%clk 0:58:56]}  Qxa4 {[%clk 0:47:32]} 22. Qxc6 {[%clk 0:59:20]}  Qxc6 {[%clk 0:47:59]} 23. Rxc6 {[%clk 0:59:47]}  Rc8 {[%clk 0:48:12]} 24. Nf1 {[%clk 0:53:49]}  Bd7 {[%clk 0:44:49]} 25. Rc2 {[%clk 0:49:36]}  c5 {[%clk 0:43:05]} 26. dxc5 {[%clk 0:43:38]}  Rxc5 {[%clk 0:42:56]} 27. Rb2 {[%clk 0:40:31]}  Kf8 {[%clk 0:40:30]} 28. Rb8+ {[%clk 0:28:36]}  Rc8 {[%clk 0:40:25]} 29. Rxc8+ {[%clk 0:27:55]}  Bxc8 {[%clk 0:40:47]} 30. Ne3 {[%clk 0:27:27]}  Bb7 {[%clk 0:39:52]} 31. Kf1 {[%clk 0:24:05]}  Bc5 {[%clk 0:35:40]} 32. Nc2 {[%clk 0:23:50]}  Ke7 {[%clk 0:33:41]} 33. Nfd4 {[%clk 0:22:36]}  Ba6+ {[%clk 0:26:39]} 34. Ke1 {[%clk 0:22:41]}  Bd3 {[%clk 0:26:02]} 35. f4 {[%clk 0:10:36]}  h5 {[%clk 0:23:37]} 36. h3 {[%clk 0:06:26]}  Bxc2 {[%clk 0:18:57]} 37. Nxc2 {[%clk 0:06:53]}  Ke6 {[%clk 0:19:19]} 38. Ke2 {[%clk 0:04:04]}  g5 {[%clk 0:18:11]} 39. Kf3 {[%clk 0:01:31]}  Bg1 {[%clk 0:12:31]} 40. g3 {[%clk 0:01:00]}  gxf4 {[%clk 0:07:25]} 41. Kxf4 {[%clk 0:00:46]}  h4 {[%clk 0:06:09]} 42. g4 {[%clk 0:24:20]}  Bh2+ {[%clk 0:32:54]} 43. Kf3 {[%clk 0:18:37]}  Kxe5 {[%clk 0:31:15]} 44. Ke3 {[%clk 0:17:20]}  Bg1+ {[%clk 0:30:54]} 45. Kf3 {[%clk 0:17:01]}  Bc5 {[%clk 0:30:39]} 46. Ne1 {[%clk 0:14:23]}  Kd4 {[%clk 0:29:02]} 47. Ng2 {[%clk 0:12:26]}  Be7 {[%clk 0:29:12]} 48. Ne1 {[%clk 0:03:37]}  Kc3 {[%clk 0:28:23]} 49. Ke2 {[%clk 0:03:49]}  d4 {[%clk 0:26:53]} 50. Nd3 {[%clk 0:04:07]}  Bg5 {[%clk 0:26:43]} 51. Ne5 {[%clk 0:02:02]}  Bf4 {[%clk 0:26:36]} 52. Nd3 {[%clk 0:02:15]}  Bg3 {[%clk 0:26:56]} 53. Nc1 {[%clk 0:02:26]}  f6 {[%clk 0:26:10]} 54. Nd3 {[%clk 0:02:50]}  Kc4 {[%clk 0:26:21]} 55. Nb2+ {[%clk 0:02:07]}  Kd5 {[%clk 0:26:23]} 56. Nd3 {[%clk 0:01:47]}  Bd6 {[%clk 0:26:09]} 57. Kf3 {[%clk 0:01:42]}  Bg3 {[%clk 0:24:20]} 58. Nc1 {[%clk 0:00:50]}  Ke6 {[%clk 0:22:15]} 59. Ke4 {[%clk 0:00:43]}  Be5 {[%clk 0:22:12]} 60. Ne2 {[%clk 0:00:36]}  d3 {[%clk 0:21:49]} 61. Kxd3 {[%clk 0:00:47]}  Kd5 {[%clk 0:21:47]} 62. Ng1 {[%clk 0:00:38]}  Bg3 {[%clk 0:21:50]} 63. Nf3 {[%clk 0:00:55]}  Bf2 {[%clk 0:20:18]} 64. Ke2 {[%clk 0:01:00]}  Bg3 {[%clk 0:20:34]} 65. Kd3 {[%clk 0:01:25]}  Bf2 {[%clk 0:20:30]} 66. Ke2 {[%clk 0:01:53]}  Bg3 {[%clk 0:20:54]} 67. Kd3 {[%clk 0:02:20]}  Bf2 {[%clk 0:21:02]} 68. Ke2 {[%clk 0:02:20]}  Bg3 {[%clk 0:21:25]} 69. Kd3 {[%clk 0:02:49]} 1/2-1/2

[Event "Amateur Tournament (ATO)"]
[Site "https://www.chess.com"]
[Date "2025.07.22"]
[Round "7"]
[White "Steiner, Philippe"]
[Black "Ehrsam, Andreas"]
[Result "1/2-1/2"]
[Board "23"]
[WhiteFideId "1312340"]
[BlackFideId "1317393"]
[WhiteElo "1864"]
[BlackElo "1774"]
[WhiteTeam "SUI"]
[BlackTeam "SUI"]
[WhiteClock "1:13:54"]
[BlackClock "1:06:46"]
[Variant "Standard"]

1. Nf3 {[%clk 1:31:27]}  d5 {[%clk 1:31:21]} 2. d4 {[%clk 1:31:39]}  Nf6 {[%clk 1:31:35]} 3. g3 {[%clk 1:31:56]}  e6 {[%clk 1:29:45]} 4. Bg2 {[%clk 1:32:18]}  Be7 {[%clk 1:30:00]} 5. O-O {[%clk 1:32:30]}  O-O {[%clk 1:30:11]} 6. c3 {[%clk 1:32:38]}  c5 {[%clk 1:30:00]} 7. e3 {[%clk 1:32:40]}  Nbd7 {[%clk 1:29:43]} 8. Nbd2 {[%clk 1:31:40]}  b6 {[%clk 1:29:14]} 9. Qc2 {[%clk 1:31:06]}  Bb7 {[%clk 1:29:25]} 10. Nb3 {[%clk 1:29:59]}  Rc8 {[%clk 1:25:19]} 11. Re1 {[%clk 1:28:39]}  Ne4 {[%clk 1:24:27]} 12. Nbd2 {[%clk 1:25:19]}  f5 {[%clk 1:23:50]} 13. Nxe4 {[%clk 1:25:19]}  fxe4 {[%clk 1:24:09]} 14. Nd2 {[%clk 1:24:17]}  cxd4 {[%clk 1:22:46]} 15. exd4 {[%clk 1:24:35]}  e5 {[%clk 1:23:05]} 16. Nb3 {[%clk 1:23:28]}  exd4 {[%clk 1:22:52]} 17. Nxd4 {[%clk 1:23:41]}  Rf7 {[%clk 1:14:00]} 18. Bh3 {[%clk 1:23:15]}  Bc5 {[%clk 1:11:42]} 19. Be3 {[%clk 1:22:59]}  Bxd4 {[%clk 1:10:50]} 20. Bxd4 {[%clk 1:23:27]}  Re7 {[%clk 1:09:00]} 21. Qe2 {[%clk 1:20:38]}  Rc6 {[%clk 1:07:20]} 22. Rad1 {[%clk 1:19:57]}  Ne5 {[%clk 1:07:01]} 23. Bxe5 {[%clk 1:16:36]}  Rxe5 {[%clk 1:07:25]} 24. Rd4 {[%clk 1:13:54]}  Rd6 {[%clk 1:06:46]} 1/2-1/2

[Event "Amateur Tournament (ATO)"]
[Site "https://www.chess.com"]
[Date "2025.07.22"]
[Round "7"]
[White "Van Bogaert, Olivier"]
[Black "Panda, Gyorgy"]
[Result "1/2-1/2"]
[Board "26"]
[WhiteFideId "134178780"]
[BlackFideId "799548"]
[WhiteElo "1793"]
[BlackElo "1718"]
[WhiteTeam "SUI"]
[BlackTeam "HUN"]
[WhiteClock "1:05:16"]
[BlackClock "1:10:42"]
[Variant "Standard"]

1. d4 {[%clk 1:30:49]}  d5 {[%clk 1:30:42]} 2. Nf3 {[%clk 1:31:03]}  Nf6 {[%clk 1:31:01]} 3. Bf4 {[%clk 1:31:05]}  e6 {[%clk 1:30:45]} 4. e3 {[%clk 1:31:00]}  Be7 {[%clk 1:30:54]} 5. Nbd2 {[%clk 1:30:48]}  O-O {[%clk 1:31:06]} 6. Ne5 {[%clk 1:28:07]}  Nbd7 {[%clk 1:30:04]} 7. Bd3 {[%clk 1:23:10]}  Nxe5 {[%clk 1:26:51]} 8. dxe5 {[%clk 1:23:32]}  Nd7 {[%clk 1:25:22]} 9. h4 {[%clk 1:19:18]}  c5 {[%clk 1:19:25]} 10. c3 {[%clk 1:18:08]}  Qc7 {[%clk 1:17:27]} 11. Bxh7+ {[%clk 1:16:06]}  Kxh7 {[%clk 1:17:28]} 12. Qh5+ {[%clk 1:16:29]}  Kg8 {[%clk 1:17:51]} 13. Nf3 {[%clk 1:16:48]}  f6 {[%clk 1:13:54]} 14. Ng5 {[%clk 1:16:56]}  fxg5 {[%clk 1:13:52]} 15. hxg5 {[%clk 1:17:24]}  Bxg5 {[%clk 1:09:59]} 16. Qh7+ {[%clk 1:06:24]}  Kf7 {[%clk 1:10:10]} 17. Qh5+ {[%clk 1:06:28]}  Kg8 {[%clk 1:10:12]} 18. Qh7+ {[%clk 1:06:04]}  Kf7 {[%clk 1:10:36]} 19. Qh5+ {[%clk 1:05:16]}  Kg8 {[%clk 1:10:42]} 1/2-1/2

[Event "Amateur Tournament (ATO)"]
[Site "https://www.chess.com"]
[Date "2025.07.22"]
[Round "7"]
[White "Suwendo, Poedjo"]
[Black "Grabe, Eckart"]
[Result "1/2-1/2"]
[Board "27"]
[WhiteFideId "1309803"]
[BlackFideId "24694576"]
[WhiteElo "1719"]
[BlackElo "1774"]
[WhiteTeam "SUI"]
[BlackTeam "GER"]
[WhiteClock "0:51:18"]
[BlackClock "0:48:42"]
[Variant "Standard"]

1. e4 {[%clk 1:30:46]}  e6 {[%clk 1:30:52]} 2. d4 {[%clk 1:30:51]}  d5 {[%clk 1:31:02]} 3. exd5 {[%clk 1:31:06]}  exd5 {[%clk 1:31:11]} 4. Bd3 {[%clk 1:31:25]}  Nf6 {[%clk 1:30:51]} 5. c3 {[%clk 1:30:16]}  Bd6 {[%clk 1:29:25]} 6. a4 {[%clk 1:28:31]}  O-O {[%clk 1:26:58]} 7. Ne2 {[%clk 1:28:09]}  c6 {[%clk 1:21:05]} 8. Bg5 {[%clk 1:26:33]}  Be7 {[%clk 1:16:25]} 9. Qc2 {[%clk 1:13:10]}  h6 {[%clk 1:16:54]} 10. Bf4 {[%clk 1:13:10]}  Bd6 {[%clk 1:11:52]} 11. Bg3 {[%clk 1:10:05]}  Re8 {[%clk 1:09:53]} 12. Nd2 {[%clk 1:09:44]}  Qc7 {[%clk 1:08:52]} 13. Nf1 {[%clk 1:02:55]}  Nbd7 {[%clk 1:01:09]} 14. Ne3 {[%clk 1:01:55]}  Nf8 {[%clk 0:56:50]} 15. O-O-O {[%clk 0:54:44]}  Ne4 {[%clk 0:48:56]} 16. Bxd6 {[%clk 0:51:18]}  Qxd6 {[%clk 0:48:42]} 1/2-1/2

[Event "Amateur Tournament (ATO)"]
[Site "https://www.chess.com"]
[Date "2025.07.22"]
[Round "7"]
[White "Avilova, Yulia"]
[Black "Nuh Nizar Hilmi"]
[Result "0-1"]
[Board "28"]
[WhiteFideId "34166073"]
[BlackFideId "48754498"]
[WhiteElo "1762"]
[BlackElo "1521"]
[WhiteTeam "SUI"]
[BlackTeam "IND"]
[WhiteClock "1:18:34"]
[BlackClock "1:03:23"]
[Variant "Standard"]

1. Nf3 {[%clk 1:30:57]}  Nf6 {[%clk 1:29:28]} 2. c4 {[%clk 1:31:23]}  g6 {[%clk 1:29:27]} 3. d4 {[%clk 1:31:47]}  Bg7 {[%clk 1:28:22]} 4. Nc3 {[%clk 1:32:12]}  O-O {[%clk 1:27:41]} 5. e4 {[%clk 1:32:30]}  d6 {[%clk 1:27:00]} 6. Be2 {[%clk 1:32:14]}  e5 {[%clk 1:27:00]} 7. d5 {[%clk 1:32:33]}  a5 {[%clk 1:24:06]} 8. Be3 {[%clk 1:32:10]}  Na6 {[%clk 1:23:00]} 9. O-O {[%clk 1:32:15]}  Ng4 {[%clk 1:18:59]} 10. Bg5 {[%clk 1:28:38]}  f6 {[%clk 1:16:04]} 11. Bh4 {[%clk 1:28:57]}  g5 {[%clk 1:13:39]} 12. Bg3 {[%clk 1:29:22]}  Nh6 {[%clk 1:13:51]} 13. Nd2 {[%clk 1:29:17]}  Nc5 {[%clk 1:10:03]} 14. a3 {[%clk 1:28:58]}  a4 {[%clk 1:08:00]} 15. b4 {[%clk 1:28:41]}  axb3 {[%clk 1:08:00]} 16. Nxb3 {[%clk 1:29:04]}  b6 {[%clk 1:07:48]} 17. f3 {[%clk 1:28:21]}  f5 {[%clk 1:06:17]} 18. Bf2 {[%clk 1:28:22]}  f4 {[%clk 1:06:13]} 19. a4 {[%clk 1:28:00]}  Bf6 {[%clk 1:05:55]} 20. a5 {[%clk 1:25:26]}  Rf7 {[%clk 1:03:25]} 21. axb6 {[%clk 1:20:48]}  Rxa1 {[%clk 1:03:36]} 22. bxc7 {[%clk 1:20:54]}  Qxc7 {[%clk 1:03:14]} 23. Nxa1 {[%clk 1:21:12]}  g4 {[%clk 1:03:08]} 24. fxg4 {[%clk 1:20:42]}  Rg7 {[%clk 1:03:21]} 25. h3 {[%clk 1:20:52]}  Nf7 {[%clk 1:03:25]} 26. Nb3 {[%clk 1:20:27]}  h5 {[%clk 1:03:26]} 27. Nb5 {[%clk 1:18:34]}  Qd8 {[%clk 1:03:23]} 0-1

[Event "Amateur Tournament (ATO)"]
[Site "https://www.chess.com"]
[Date "2025.07.22"]
[Round "7"]
[White "Loeffler, Helmut"]
[Black "Glanc, Lea"]
[Result "1/2-1/2"]
[Board "29"]
[WhiteFideId "1317482"]
[BlackFideId "1344064"]
[WhiteElo "1709"]
[BlackElo "1735"]
[WhiteTeam "SUI"]
[BlackTeam "SUI"]
[WhiteClock "1:01:25"]
[BlackClock "1:07:45"]
[Variant "Standard"]

1. d4 {[%clk 1:30:55]}  Nf6 {[%clk 1:30:53]} 2. Nf3 {[%clk 1:31:06]}  e6 {[%clk 1:31:12]} 3. e3 {[%clk 1:31:24]}  c5 {[%clk 1:31:29]} 4. Bd3 {[%clk 1:31:26]}  d5 {[%clk 1:31:42]} 5. b3 {[%clk 1:30:35]}  Nbd7 {[%clk 1:29:58]} 6. Nbd2 {[%clk 1:30:26]}  Bd6 {[%clk 1:29:19]} 7. O-O {[%clk 1:29:50]}  O-O {[%clk 1:29:08]} 8. Re1 {[%clk 1:29:05]}  Be7 {[%clk 1:27:50]} 9. Bb2 {[%clk 1:28:33]}  h6 {[%clk 1:26:10]} 10. e4 {[%clk 1:26:09]}  Ne8 {[%clk 1:23:52]} 11. e5 {[%clk 1:26:09]}  Nef6 {[%clk 1:23:52]} 12. Bf1 {[%clk 1:18:54]}  Ne8 {[%clk 1:19:58]} 13. Re3 {[%clk 1:01:25]}  f6 {[%clk 1:07:45]} 1/2-1/2

[Event "Amateur Tournament (ATO)"]
[Site "https://www.chess.com"]
[Date "2025.07.22"]
[Round "7"]
[White "Kopp, Guenter"]
[Black "Luedi, Paul"]
[Result "1/2-1/2"]
[Board "33"]
[WhiteFideId "1322974"]
[BlackFideId "1319930"]
[WhiteElo "1747"]
[BlackElo "1716"]
[WhiteTeam "SUI"]
[BlackTeam "SUI"]
[WhiteClock "0:42:57"]
[BlackClock "0:57:55"]
[Variant "Standard"]

1. c4 {[%clk 1:30:26]}  b6 {[%clk 1:30:30]} 2. Nf3 {[%clk 1:30:26]}  Bb7 {[%clk 1:28:30]} 3. e3 {[%clk 1:30:26]}  c5 {[%clk 1:26:31]} 4. d4 {[%clk 1:29:17]}  e6 {[%clk 1:25:44]} 5. Nc3 {[%clk 1:28:05]}  Nf6 {[%clk 1:23:56]} 6. d5 {[%clk 1:24:28]}  d6 {[%clk 1:22:38]} 7. e4 {[%clk 1:18:34]}  e5 {[%clk 1:20:56]} 8. Be2 {[%clk 1:16:14]}  Be7 {[%clk 1:15:55]} 9. b4 {[%clk 1:12:54]}  cxb4 {[%clk 1:11:34]} 10. Qa4+ {[%clk 1:09:03]}  Nbd7 {[%clk 1:11:17]} 11. Qxb4 {[%clk 1:02:00]}  O-O {[%clk 1:11:04]} 12. Be3 {[%clk 0:59:41]}  a5 {[%clk 1:00:23]} 13. Qb3 {[%clk 0:53:26]}  Qb8 {[%clk 1:00:51]} 14. a4 {[%clk 0:47:08]}  Ba6 {[%clk 0:58:41]} 15. Nd2 {[%clk 0:43:28]}  Nc5 {[%clk 0:58:18]} 16. Bxc5 {[%clk 0:43:04]}  bxc5 {[%clk 0:57:55]} 17. Nb5 {[%clk 0:42:57]} 1/2-1/2

[Event "Amateur Tournament (ATO)"]
[Site "https://www.chess.com"]
[Date "2025.07.22"]
[Round "7"]
[White "Zimmermann, Stefan SUI"]
[Black "Zarriess, Benjamin"]
[Result "0-1"]
[Board "34"]
[WhiteFideId "1320157"]
[BlackFideId "34606645"]
[WhiteElo "1714"]
[BlackElo "1741"]
[WhiteTeam "SUI"]
[BlackTeam "GER"]
[WhiteClock "0:03:28"]
[BlackClock "0:17:10"]
[Variant "Standard"]

1. e4 {[%clk 1:30:51]}  e5 {[%clk 1:30:50]} 2. Nc3 {[%clk 1:31:13]}  Nf6 {[%clk 1:30:12]} 3. d4 {[%clk 1:31:29]}  exd4 {[%clk 1:30:09]} 4. Qxd4 {[%clk 1:31:45]}  Nc6 {[%clk 1:29:21]} 5. Qd3 {[%clk 1:31:56]}  Bc5 {[%clk 1:27:20]} 6. Qg3 {[%clk 1:31:11]}  Nb4 {[%clk 1:25:15]} 7. Bd3 {[%clk 1:30:42]}  d5 {[%clk 1:23:42]} 8. Bg5 {[%clk 1:16:14]}  dxe4 {[%clk 1:21:03]} 9. Nxe4 {[%clk 1:04:22]}  Nxd3+ {[%clk 1:17:57]} 10. cxd3 {[%clk 0:59:56]}  Bb4+ {[%clk 1:09:42]} 11. Nc3 {[%clk 1:00:17]}  O-O {[%clk 1:03:22]} 12. Ne2 {[%clk 0:57:12]}  Re8 {[%clk 0:58:21]} 13. O-O {[%clk 0:57:10]}  Qd6 {[%clk 0:55:32]} 14. a3 {[%clk 0:41:12]}  Qxg3 {[%clk 0:53:33]} 15. fxg3 {[%clk 0:37:38]}  Be7 {[%clk 0:53:31]} 16. Rae1 {[%clk 0:31:08]}  Bd7 {[%clk 0:51:33]} 17. b4 {[%clk 0:29:30]}  c6 {[%clk 0:48:57]} 18. Nd4 {[%clk 0:28:02]}  h6 {[%clk 0:46:58]} 19. Bd2 {[%clk 0:22:36]}  a5 {[%clk 0:42:58]} 20. Ne4 {[%clk 0:19:41]}  Nxe4 {[%clk 0:41:17]} 21. Rxe4 {[%clk 0:18:44]}  axb4 {[%clk 0:40:43]} 22. axb4 {[%clk 0:17:17]}  Bf6 {[%clk 0:37:31]} 23. Nf5 {[%clk 0:15:44]}  Bxf5 {[%clk 0:34:09]} 24. Rxf5 {[%clk 0:16:03]}  Rxe4 {[%clk 0:30:00]} 25. dxe4 {[%clk 0:16:24]}  Re8 {[%clk 0:27:09]} 26. Rf3 {[%clk 0:12:52]}  Rxe4 {[%clk 0:26:43]} 27. Rb3 {[%clk 0:10:26]}  b6 {[%clk 0:23:06]} 28. Kf2 {[%clk 0:10:39]}  Kf8 {[%clk 0:23:01]} 29. Kf3 {[%clk 0:10:55]}  Rc4 {[%clk 0:22:31]} 30. Be3 {[%clk 0:10:06]}  Rc3 {[%clk 0:21:42]} 31. Rxc3 {[%clk 0:08:37]}  Bxc3 {[%clk 0:22:00]} 32. Bxb6 {[%clk 0:08:54]}  Bxb4 {[%clk 0:22:18]} 33. Ke4 {[%clk 0:09:01]}  Ke7 {[%clk 0:21:08]} 34. Be3 {[%clk 0:08:27]}  Ke6 {[%clk 0:20:54]} 35. Kd4 {[%clk 0:08:38]}  f5 {[%clk 0:19:26]} 36. Kc4 {[%clk 0:08:48]}  Bd6 {[%clk 0:19:15]} 37. Bf2 {[%clk 0:07:54]}  g5 {[%clk 0:17:54]} 38. h4 {[%clk 0:06:38]}  g4 {[%clk 0:17:47]} 39. Kd4 {[%clk 0:05:10]}  h5 {[%clk 0:17:41]} 40. Kc4 {[%clk 0:05:17]}  Ke5 {[%clk 0:17:38]} 41. Kd3 {[%clk 0:05:16]}  Kd5 {[%clk 0:16:52]} 42. Be1 {[%clk 0:05:17]}  c5 {[%clk 0:16:35]} 43. Bf2 {[%clk 0:05:33]}  c4+ {[%clk 0:16:39]} 44. Kd2 {[%clk 0:03:56]}  Bc5 {[%clk 0:16:50]} 45. Be1 {[%clk 0:03:28]}  Bb4+ {[%clk 0:17:10]} 0-1

[Event "Amateur Tournament (ATO)"]
[Site "https://www.chess.com"]
[Date "2025.07.22"]
[Round "7"]
[White "Trzcinska, Weronika"]
[Black "Hottinger, Ieremia"]
[Result "1/2-1/2"]
[Board "36"]
[WhiteFideId "41862155"]
[BlackFideId "1359185"]
[WhiteElo "1712"]
[BlackElo "1734"]
[WhiteTeam "POL"]
[BlackTeam "SUI"]
[WhiteClock "0:39:46"]
[BlackClock "0:12:35"]
[Variant "Standard"]

1. e4 {[%clk 1:30:53]}  c5 {[%clk 1:30:41]} 2. Nf3 {[%clk 1:31:10]}  d6 {[%clk 1:31:01]} 3. Bb5+ {[%clk 1:31:27]}  Bd7 {[%clk 1:30:40]} 4. Bxd7+ {[%clk 1:30:44]}  Nxd7 {[%clk 1:30:56]} 5. Nc3 {[%clk 1:30:50]}  e6 {[%clk 1:30:46]} 6. d3 {[%clk 1:31:01]}  Ngf6 {[%clk 1:31:03]} 7. O-O {[%clk 1:30:08]}  Be7 {[%clk 1:31:24]} 8. Re1 {[%clk 1:30:20]}  O-O {[%clk 1:31:20]} 9. e5 {[%clk 1:28:56]}  dxe5 {[%clk 1:30:34]} 10. Nxe5 {[%clk 1:29:16]}  Nxe5 {[%clk 1:30:48]} 11. Rxe5 {[%clk 1:29:35]}  Bd6 {[%clk 1:30:39]} 12. Re1 {[%clk 1:27:21]}  a6 {[%clk 1:29:14]} 13. Bg5 {[%clk 1:26:25]}  h6 {[%clk 1:24:45]} 14. Bxf6 {[%clk 1:25:35]}  Qxf6 {[%clk 1:25:13]} 15. Ne4 {[%clk 1:23:54]}  Qe7 {[%clk 1:22:25]} 16. Nxd6 {[%clk 1:23:39]}  Qxd6 {[%clk 1:22:46]} 17. Qe2 {[%clk 1:23:55]}  Rad8 {[%clk 1:21:20]} 18. Qe5 {[%clk 1:22:54]}  Rfe8 {[%clk 1:19:50]} 19. Qxd6 {[%clk 1:22:02]}  Rxd6 {[%clk 1:18:49]} 20. Re4 {[%clk 1:21:30]}  f6 {[%clk 1:18:43]} 21. Rae1 {[%clk 1:21:41]}  e5 {[%clk 1:18:43]} 22. f4 {[%clk 1:20:26]}  Rd4 {[%clk 1:14:26]} 23. Kf2 {[%clk 1:18:54]}  Kf7 {[%clk 1:14:08]} 24. Kf3 {[%clk 1:16:07]}  Rxe4 {[%clk 1:13:57]} 25. Rxe4 {[%clk 1:16:10]}  g6 {[%clk 1:12:47]} 26. g4 {[%clk 1:09:26]}  b5 {[%clk 1:12:14]} 27. Re3 {[%clk 1:08:04]}  Ke6 {[%clk 1:09:21]} 28. h4 {[%clk 1:03:04]}  g5 {[%clk 1:04:25]} 29. f5+ {[%clk 0:59:53]}  Kd5 {[%clk 1:03:28]} 30. h5 {[%clk 0:59:00]}  Rc8 {[%clk 1:02:20]} 31. Ke2 {[%clk 0:57:58]}  c4 {[%clk 1:01:54]} 32. Kd2 {[%clk 0:54:10]}  a5 {[%clk 0:53:14]} 33. Re4 {[%clk 0:51:16]}  b4 {[%clk 0:46:04]} 34. b3 {[%clk 0:41:59]}  cxd3 {[%clk 0:45:31]} 35. cxd3 {[%clk 0:42:19]}  Rc3 {[%clk 0:33:51]} 36. Rc4 {[%clk 0:40:20]}  Rxc4 {[%clk 0:31:41]} 37. dxc4+ {[%clk 0:40:43]}  Kd4 {[%clk 0:31:51]} 38. Ke2 {[%clk 0:40:39]}  e4 {[%clk 0:25:43]} 39. Kd2 {[%clk 0:40:53]}  e3+ {[%clk 0:21:20]} 40. Kd1 {[%clk 0:39:46]}  Ke4 {[%clk 0:16:21]} 41. Ke2 {[%clk 0:39:42]}  Kf4 {[%clk 0:13:45]} 42. c5 {[%clk 0:39:12]}  Ke5 {[%clk 0:11:53]} 43. Kxe3 {[%clk 0:38:55]}  Kd5 {[%clk 0:12:14]} 44. Kd3 {[%clk 0:39:10]}  Kxc5 {[%clk 0:12:18]} 45. Ke4 {[%clk 0:39:27]}  Kc6 {[%clk 0:12:10]} 46. Kd4 {[%clk 0:39:06]}  Kd6 {[%clk 0:12:15]} 47. Ke4 {[%clk 0:39:29]}  Kc5 {[%clk 0:12:35]} 48. Ke3 {[%clk 0:39:46]} 1/2-1/2